Statistics for Guess The Artist By Letter (F)

Click here to take the quiz!

General Stats

  • This quiz has been taken 76 times
  • The average score is 6 of 17

Answer Stats

HintAnswer% Correct
My WayFrank Sinatra
82%
Killing Me SoftlyThe Fugees
67%
Rock Me AmadeusFalco
56%
Take Me OutFranz Ferdinand
48%
TuskFleetwood Mac
45%
All Right NowFree
44%
Learn To FlyThe Foo Fighters
44%
Praise YouFatboy Slim
41%
Can't Take My Eyes Off Of YouThe Four Seasons
36%
CenturiesFall Out Boy
33%
Build Me Up ButtercupFoundations
26%
Babe I Need Your LovinThe Four Tops
17%
Ooh La LaFaces
12%
Lemon TreeFool's Garden
12%
Bobby Brown Goes DownFrank Zappa
12%
O-o-h ChildThe Five Stairsteps
11%
Little Bitty Pretty OneFrankie Lymon
3%

Score Distribution

Percentile by Number Answered

Percent of People with Each Score

Your Score History

You have not taken this quiz